Southville International School and Colleges
Your cart is empty.
  • Cart
  • Lists
    Public lists Eva Luna New books Lux_list list_1
    Your lists Log in to create your own lists
  • Log in to your account
  • Your cookies
  • Search history
Southville International School and Colleges
  • Advanced search
  • Recent comments
  • Most popular
  • Libraries

Log in to your account

Log in with GOOGLE


If you do not have an external account, but do have a local account, you can still log in:

  1. Home
  2. MARC view: The constitution of the republic of the Philippines :
Normal view MARC view ISBD view

The constitution of the republic of the Philippines : (Record no. 8715)

[ view plain ]
MARC details
000 -LEADER
fixed length control field 00764cam a2200241 a 4500
003 - CONTROL NUMBER IDENTIFIER
control field SISC
005 - DATE AND TIME OF LATEST TRANSACTION
control field 20160322093508.0
008 - FIXED-LENGTH DATA ELEMENTS--GENERAL INFORMATION
fixed length control field 930108s1992 ph 000 0 eng
050 00 - LIBRARY OF CONGRESS CALL NUMBER
Classification number KPM 1744
Item number .N793 1987
082 ## - DEWEY DECIMAL CLASSIFICATION NUMBER
Classification number HS 342
Item number N72 1987
100 ## - MAIN ENTRY--PERSONAL NAME
Personal name Nolledo, Jose
9 (RLIN) 10841
110 1# - MAIN ENTRY--CORPORATE NAME
Corporate name or jurisdiction name as entry element Philippines.
9 (RLIN) 436
245 14 - TITLE STATEMENT
Title The constitution of the republic of the Philippines :
Remainder of title with annotations /
Statement of responsibility, etc Jose Nolledo
250 ## - EDITION STATEMENT
Edition statement 1992 rev. ed.
260 ## - PUBLICATION, DISTRIBUTION, ETC. (IMPRINT)
Place of publication, distribution, etc Manila, Philippines :
Name of publisher, distributor, etc Rex Book store,
Date of publication, distribution, etc c1987.
300 ## - PHYSICAL DESCRIPTION
Extent 222 p. :
Dimensions 22 cm.
650 #0 - SUBJECT ADDED ENTRY--TOPICAL TERM
Topical term or geographic name as entry element Constitutions
Geographic subdivision Philippines.
9 (RLIN) 10842
650 #0 - SUBJECT ADDED ENTRY--TOPICAL TERM
Topical term or geographic name as entry element Constitutional law
Geographic subdivision Philippines.
9 (RLIN) 10843
700 1# - ADDED ENTRY--PERSONAL NAME
Personal name Nolledo, Jose N.
9 (RLIN) 438
710 2# - ADDED ENTRY--CORPORATE NAME
Corporate name or jurisdiction name as entry element National Book Store.
9 (RLIN) 10844
942 ## - ADDED ENTRY ELEMENTS (KOHA)
Source of classification or shelving scheme Library of Congress Classification
Koha item type Books
Holdings
Withdrawn status Lost status Source of classification or shelving scheme Damaged status Home library Current library Shelving location Date acquired Total Checkouts Full call number Barcode Date last seen Copy number Price effective from Koha item type
    Library of Congress Classification   Luxembourg Library Luxembourg Library High School Section 08/15/2013   KPM 1744 .N793 1987 2910 03/22/2016 1 08/15/2013 Books

The constitution of the republic of the Philippines :

APA

Nolledo J., Philippines, Nolledo J. N. & National Book Store. (1987). The constitution of the republic of the Philippines. Manila, Philippines: Rex Book store.

Chicago

Nolledo Jose, Philippines, Nolledo Jose N and National Book Store. 1987. The constitution of the republic of the Philippines. Manila, Philippines: Rex Book store.

Harvard

Nolledo J., Philippines, Nolledo J. N. and National Book Store. (1987). The constitution of the republic of the Philippines. Manila, Philippines: Rex Book store.

MLA

Nolledo Jose, Philippines, Nolledo Jose N and National Book Store. The constitution of the republic of the Philippines. Manila, Philippines: Rex Book store. 1987.

  • Place hold
  • Print
  • Cite
  • Add to your cart (remove)
  • Save record
    BIBTEX Dublin Core MARCXML MARC (non-Unicode/MARC-8) MARC (Unicode/UTF-8) MARC (Unicode/UTF-8, Standard) MODS (XML) RIS
  • More searches
    Search for this title in:
    Other Libraries (WorldCat) Other Databases (Google Scholar) Online Stores (Bookfinder.com) Open Library (openlibrary.org)

Exporting to Dublin Core...

SOUTHVILLE LIBRARY

Southville International School and Colleges Library

1281 Tropical Ave. Cor. Luxembourg St., BF Homes International, Las Pinas City

Tel. No. 8256374 / 252358 Loc. 117/146

Powered by Koha